000 00480nam a2200181Ia 4500
008 230524s9999 xx 000 0 und d
020 _a9788127351123
082 _a658.155
_bGUP
100 _aShashi K.Gupta
245 0 _aSecurity Analysis And Portfolio Management ( Investment Management )
250 _a2ND
260 _aNEW DELHI
_bKalyani
_c2008
300 _aVII;15.10
500 _aQuantity Number: 4
650 _aManagement
700 _a Rosy Joshi
942 _cBK
999 _c42390
_d42390